000
00294nam a2200121Ia 4500
008
190216s9999||||xx |||||||||||||| ||und||
100
_a
Frank C Andrews
245
0
_a
Equilibrium Statistical Mechanics
260
_b
John Wiley & Sons
_c
1975
300
_a
255p
650
_a
Chemistry
942
_c
BK
999
_c
2479
_d
2479